What Movie is That Line From? - Statistics

General Stats
  • This quiz has been taken 603 times
  • The average score is 8 of 33
Answer Stats
Dialogue Answer % Correct
"It's the ship that made the Kessel Run in less than twelve parsecs. I've outrun Imperial starships." Star Wars IV - A New Hope
91%
"What I want from each and every one of you is a hard-target search of every gas station, residence, warehouse, farmhouse, henhouse, outhouse and doghouse in that area. Checkpoints go up at fifteen miles. Your fugitive's name is Dr. Richard Kimble. Go get him." The Fugitive
66%
"You talkin' to me? You talkin' to me? You talkin' to me? Then who the hell else are you talking... you talking to me?" Taxi Driver
63%
"Whose motorcycle is this?" / "It's a chopper, baby." / "Whose chopper is this?" / "It's Zed's." / "Who's Zed?" / "Zed's dead, baby. Zed's dead" Pulp Fiction
58%
"Uh uh. I know what you're thinking. "Did he fire six shots or only five?" Well to tell you the truth in all this excitement I kinda lost track myself." Dirty Harry
55%
"Gentlemen, you can't fight in here! This is the War Room." Dr. Strangelove or: How I Learned to Stop Worrying and Love the Bomb
51%
"Do you go out with friends?" / "Well, a boy's best friend is his mother." Psycho
47%
"After that my guess is that you will never hear from him again. The greatest trick the devil ever pulled was convincing the world he did not exist. And like that... he is gone." The Usual Suspects
47%
"What's the most you ever lost on a coin toss?" / "Sir?" / "The most. You ever lost. On a coin toss." / "I don't know. I couldn't say." / (Tosses a coin)"Call it." / "Call it?" / "Yes." / "For what?" / "Just call it." / "Well, we need to know what we're calling it for here." / "You need to call it. I can't call it for you. It wouldn't be fair." / "I didn't put nothin' up." / "Yes, you did. You've been putting it up your whole life, you just didn't know it." No Country For Old Men
35%
"I've seen things you people wouldn't believe. Attack ships on fire off the shoulder of Orion. I watched C-beams glitter in the dark near the Tannhauser gate. All those moments will be lost in time... like tears in rain... Time to die." Blade Runner
33%
"I warned you, but did you listen to me? Oh, no, you knew, didn't you? Oh, it's just a harmless little bunny, isn't it?" Monty Python and the Holy Grail
33%
"I'm scared Poncho." / "Bullshit. You ain't afraid of no man." / "There's something out there waiting for us, and it ain't no man. We're all gonna die." Predator
25%
"Striker was the squadron leader. He brought us in real low. But he couldn't handle it." / "Buddy couldn't handle it? Was Buddy one of your crew?" / "Right. Buddy was the bombardier. But it was Striker who couldn't handle it, and he went to pieces." / "Andy went to pieces?" / "No. Andy was the navigator. He was all right. Buddy went to pieces. It was awful how he came unglued." / "Howie came unglued?" / "Oh, no. Howie was a rock, the best tailgunner in the outfit. Buddy came unglued." Airplane II: The Sequel
23%
"Hey, hey, Sal, how come you ain't got no brothers up on the wall here?" / "You want brothers up on the wall, get your own place.You can do what you want to do. You can put your brothers and uncles and nieces and nephews, step-fathers, step-mothers, whoever you want. See? But, this is my pizzeria. American Italians up on the wall." Do the Right Thing
23%
"Mathilda, don't you ever do that again, or I'll break your head. Got that?" / "Okay." / "I don't work like that. It's not professional. There is rules." / "Okay." / "And stop saying "okay" all the time, Okay?" / "Okay." / "Good." Léon: The Professional
20%
"Hey, Blond! You know what you are? Just a dirty son-of-a-b-!" The Good, The Bad and the Ugly
20%
"There are only two things I can't stand in this world: People who are intolerant of other people's cultures, and the Dutch" Austin Powers in Goldmember
17%
"I'd buy that for a dollar!" Robocop
16%
"What are you drinkin'?" / "A cranberry juice." / "What is it, your period?" The Departed
15%
"I'm not even supposed to be here today!" Clerks
12%
(Translation)"After all these years, the only person I still can't capture is the girl with the glass of water. She's in the middle, yet she's on the outside." / "Maybe she's just different from the others." / "In what way?" / "I don't know." / "When she was little she can't have played much with other children. Maybe never." Amelie
8%
"Swede, say something charming to the man." / "I'm gonna rip off your head and shit down your neck." Heartbreak Ridge
7%
"Noodles!" / "Go on, Noodles, your mother's calling you." Once Upon a Time in America
7%
"They're war slogans, Mr. Motss. We remember the slogans, we can't even remember the ____ing wars. You know why? That's show business. That's why we're here. Naked girl covered in Napalm. 'V for Victory'. Five Marines raising the flag, Mt. Suribachi. You remember the picture 50 years from now, you'll have forgotten the war. The Gulf War, smart bomb falling down a chimney. 2500 missions a day, 100 days. ONE video of ONE bomb Mr. Motss, the American people bought that war. War is show business - that's why we're here." Wag the Dog
7%
"There's a ton of food." / "Yeah, well just keep your hands off my dog." / "No worries, we only eat cats." Gran Torino
5%
(Translation)"You died Saturday at 5:00 p.m. The prison doctor confirmed suicide after an overdose of tranquillizers. You're buried in Maisons-Alfort, row 8, plot 30."(Shows her pictures of her own funeral) / "Titi... That's Titi!" / "I work, let's say, for the government. We've decided to give you another chance." / "What do I do?" / "Learn. Learn to read, walk, talk, smile and even fight. Learn to do everything." / "What for?" / "To serve your country." / "What if I don't want to?" / "Row 8, Plot 30." La Femme Nikita
5%
"I'll shove that bat up your ass and turn you into a popsicle." The Warriors
5%
"Boards don't hit back." Enter The Dragon
4%
"What's that?" / "It's a cocktail. You asked for a cocktail." / "No. I asked you to give me a refreshing drink. I wasn't expecting a ____ing rainforest! You could fall in love with an orangutan in that!" Lock, Stock and Two Smoking Barrels
4%
"Nobody knows anybody. Not that well." Miller's Crossing
3%
"You are the fool Mister Howie. Punch! One of the great fool victims of history. For you have accepted the role of King for a day; and who but a fool would do that." The Wicker Man
3%
"You know, you know, a friend of mine a while back broke his hand and put it in a cast. Very next day, he falls, protects his bad hand, and he breaks his good one. So he breaks it too, you know. So, now he's got two busted flippers. So, I says to him: "Creighton," I says. "I hope your wife really loves you, because for the next five weeks, you can't even wipe your own god damn ass."" Blood Simple
2%
"You don't look like a criminal." / "I'm a white-collar criminal." Midnight Run
2%
No matching quizzes found
Score Distribution
Percent of People with Each Score
Percentile by Number Answered
Your Score History
You have not taken this quiz